| 000 | 00616nam a22000977a 4500 | ||
|---|---|---|---|
| 008 | 211004b ||||| |||| 00| 0 eng d | ||
| 100 | _aMackay, James | ||
| 245 | _aThe world encyclopedia of stamps & stamp collecting | ||
| 260 |
_bLorenz Books _c2005; 2007 |
||
| 650 | _aDictionaries and Encyclopedias | Collecting | Collecting -- Guides and Handbooks | Collecting -- Identification -- Stamp Finders | Definitive Issues | Commemorative Issues | Designs | Stamps -- Histories | Famous Stamps and Collections | Philately -- History | First Issues | Production | Color | Topical Collecting | Cinderella Material | Postal History | ||
| 999 |
_c3172 _d3172 |
||